000 00358nam a2200157Ia 4500
003 OSt
005 20240101072156.0
008 170524s9999 xx 000 0 und d
020 _a9780198062257
040 _cIIMT UNIVERSITY
100 _aSedra & Smith
245 0 _aMicro electronic Circuits
260 _bOxford uni.
260 _c2012
942 _2ddc
_c02
999 _c6117
_d6117